Statistiques concernant La Manche en images

Cliquez ici pour prendre le quiz!

Statistiques générales

  • Ce quiz a été pris 23 fois
  • Le résultat moyen est 8 sur 18

Statistiques - réponses

Réponse% Correct
Mont Saint-Michel
100%
{Homard} de Carteret
90%
Les moules
86%
Saint-Lô
81%
Les parapluies de Cherbourg
62%
{Utah} Beach
48%
Flavie Flament
43%
Granville
43%
Christian Dior
38%
Cité de la mer
38%
Confiture de lait
24%
Nez de Jobourg
24%
Île de {Tatihou}
19%
Jacques Prévert
19%
Le Mur de l'Atlantique
19%
Phare de Gatteville
19%
Couesnon
10%
La côte des {Isles}
10%

Distribution des résultats

Percentile par nombre de réponses

% des personnes avec chaque résultat

Votre développement - résultats

Vous n’avez pas pris ce quiz